00586nam a2200169Ia 4500008004100000020001500041041001200056082001600068100001700084245007000101260002800171300000800199650001600207942000700223999001500230952017100245221030s9999 xx 000 0 und d a8172245343 aEnglish a105.23bMil aM. A. Miller 0aIntroduction to Digital and Data Communicationscby M. A. Miller bJaico PubaMumbaic1999 a435 aBE Computer cBK c2246d2246 pBE 1001g150.00l0o105.23 Milr2024-06-13 00:00:00w2022-10-30yBK003Print4070aMIETLIBbMIETLIBcBL-Academic Block C, FL-2, CUP-29, SH-5, R-5d2000-02-0810HBE